中国维吾尔族比例超过20%的县级行政区 - Statistics

General Stats
  • This quiz has been taken 15 times
  • The average score is 40 of 48
Answer Stats
省级 地级 县级 比例 % Correct
新疆 和田 和田县 99.72%
100%
新疆 喀什 英吉沙县 98.34%
100%
新疆 和田 于田县 97.81%
100%
新疆 喀什 疏附县 97.75%
100%
新疆 喀什 叶城县 94.13%
100%
新疆 喀什 疏勒县 93.03%
100%
新疆 和田 和田市 86.87%
100%
新疆 阿克苏 库车县 83.85%
100%
新疆 喀什 喀什市 78.35%
100%
新疆 巴音郭楞 轮台县 74.69%
100%
新疆 巴音郭楞 且末县 71.28%
100%
新疆 吐鲁番 鄯善县 63.93%
100%
新疆 阿克苏 阿克苏市 46.87%
100%
新疆 巴音郭楞 若羌县 34.08%
100%
新疆 巴音郭楞 库尔勒市 22.56%
100%
新疆 和田 洛浦县 98.38%
91%
新疆 和田 墨玉县 97.30%
91%
新疆 喀什 岳普湖县 94.18%
91%
新疆 和田 民丰县 91.98%
91%
新疆 喀什 巴楚县 91.83%
91%
新疆 克孜勒苏 阿图什市 78.71%
91%
新疆 克孜勒苏 阿克陶县 72.70%
91%
新疆 吐鲁番 吐鲁番市 71.04%
91%
新疆 哈密 伊吾县 39.92%
91%
新疆 巴音郭楞 和静县 26.96%
91%
新疆 和田 皮山县 98.18%
82%
新疆 和田 策勒县 98.10%
82%
新疆 喀什 莎车县 95.37%
82%
新疆 阿克苏 阿瓦提县 81.30%
82%
新疆 喀什 麦盖提县 81.26%
82%
新疆 阿克苏 温宿县 73.93%
82%
新疆 自治区直辖 图木舒克市 67.39%
82%
新疆 巴音郭楞 尉犁县 33.88%
82%
新疆 巴音郭楞 焉耆回族自治县 31.96%
82%
新疆 喀什 伽师县 97.64%
73%
新疆 阿克苏 沙雅县 84.34%
73%
新疆 伊犁 伊宁县 48.68%
73%
新疆 伊犁 伊宁市 46.11%
73%
新疆 乌鲁木齐 天山区 27.37%
73%
新疆 伊犁 霍城县 22.51%
73%
新疆 阿克苏 乌什县 91.64%
64%
新疆 喀什 泽普县 81.41%
64%
新疆 阿克苏 柯坪县 96.69%
55%
新疆 阿克苏 新和县 92.51%
55%
新疆 阿克苏 拜城县 84.58%
55%
新疆 吐鲁番 托克逊县 73.96%
55%
新疆 伊犁 巩留县 23.79%
55%
新疆 伊犁 察布查尔锡伯自治县 27.61%
45%
No matching quizzes found
Score Distribution
Percent of People with Each Score
Percentile by Number Answered
Your Score History
You have not taken this quiz